[Event "HUN-chT2 Erkel 0405"]
[Site "Hungary"]
[Date "2004.09.26"]
[Round "1"]
[White "Muhari, Gabor"]
[Black "Teglas, Balazs"]
[Result "0-1"]
[WhiteElo "1922"]
[BlackElo "1923"]
[PlyCount "96"]
[EventDate "2004.09.26"]
[EventType "team"]
[EventRounds "11"]
[EventCountry "HUN"]
[SourceTitle "EXT 2009"]
[Source "ChessBase"]
[SourceDate "2008.11.26"]
[SourceVersion "1"]
[SourceVersionDate "2008.11.26"]
[SourceQuality "1"]
[WhiteTeam "Szekuritas"]
[BlackTeam "Foti"]
[WhiteTeamCountry "HUN"]
[BlackTeamCountry "HUN"]

1. d4 Nf6 2. Nf3 e6 3. c4 c5 4. d5 exd5 5. cxd5 d6 6. Nc3 g6 7. e4 Bg7 8. Bd3 0-0 9. 0-0 a6 10. a4 Bg4 11. h3 Bxf3 12. Qxf3 Nfd7 13. Bc2 Ne5 14. Qe2 Re8 15. f4 Ned7 16. Qg4 Bd4+ 17. Kh1 h5 18. Qf3 h4 19. Ne2 Bg7 20. Qg4 Qe7 21. Qf3 Nf6 22. Nc3 Nh5 23. Kh2 Nd7 24. Bd2 Bd4 25. Be3 Ng3 26. Rfe1 Rac8 27. Rad1 Qf6 28. Bf2 g5 29. Bxg3 hxg3+ 30. Qxg3 Qxf4 31. Qxf4 gxf4 32. Rf1 Nf6 33. Rde1 Nh5 34. Bd1 Nf6 35. Bf3 Re5 36. g3 fxg3+ 37. Kxg3 Rg5+ 38. Bg4 Nxg4 39. hxg4 Kg7 40. Rf5 f6 41. Ref1 Be5+ 42. Kf3 Rh8 43. Nd1 Rh3+ 44. Ke2 Rxg4 45. Ne3 Rxe4 46. R5f3 Rxf3 47. Rxf3 Bd4 48. Kd3 Rxe3+ 0-1

[Event "HUN-chT2 Erkel 0304"]
[Site "Hungary"]
[Date "2004.01.25"]
[Round "6"]
[White "Muhari, Gabor"]
[Black "Juhasz, Sandor"]
[Result "0-1"]
[WhiteElo "1918"]
[BlackElo "1936"]
[PlyCount "116"]
[EventDate "2003.09.28"]
[EventType "team"]
[EventRounds "11"]
[EventCountry "HUN"]
[SourceTitle "EXT 2009"]
[Source "ChessBase"]
[SourceDate "2008.11.26"]
[SourceVersion "1"]
[SourceVersionDate "2008.11.26"]
[SourceQuality "1"]
[WhiteTeam "Szekuritas"]
[BlackTeam "Heves"]
[WhiteTeamCountry "HUN"]
[BlackTeamCountry "HUN"]

1. d4 f5 2. Nf3 Nf6 3. Bf4 d6 4. e3 g6 5. Nc3 Bg7 6. Bc4 a6 7. d5 Nbd7 8. Nd4 Ne5 9. Bb3 Nh5 10. Bg5 0-0 11. Nce2 Kh8 12. Nf4 Nxf4 13. exf4 Nf7 14. Bh4 Re8 15. Qd3 Nh6 16. 0-0-0 Bd7 17. Rhe1 c5 18. Ne6 Bxe6 19. Rxe6 b5 20. c4 bxc4 21. Qxc4 Ng8 22. Rde1 Ra7 23. Ba4 Rf8 24. Qe2 Rf7 25. g4 Rb7 26. b3 Qa5 27. Re3 fxg4 28. Qxg4 Qb4 29. Bg3 Qa3+ 30. Kd1 Qxa2 31. Qe2 Qa1+ 32. Kd2 Qd4+ 33. Rd3 Qb4+ 34. Ke3 c4 35. Rdd1 cxb3 36. Bc6 Qc5+ 37. Kf3 Rb6 38. Kg2 b2 39. f3 Rf8 40. Bf2 Qb4 41. Bxb6 Qxb6 42. Qe4 a5 43. Ba4 Rf5 44. Bc2 Qc7 45. Qa4 Rf8 46. Bb1 Rc8 47. Qa3 Rf8 48. Re2 Rxf4 49. Rxb2 Bxb2 50. Qxb2+ Nf6 51. Qd2 Rc4 52. Bd3 Rc5 53. Qb2 Rxd5 54. Rc1 Rc5 55. Re1 Kg7 56. Re6 Kf7 57. Qb3 Nd5 58. Re4 Qc6 0-1

[Event "HUN-chT2 Erkel 0203"]
[Site "Hungary"]
[Date "2003.03.02"]
[Round "8"]
[White "Muhari, Gabor"]
[Black "Smida, Laszlo"]
[Result "1-0"]
[WhiteElo "2029"]
[BlackElo "2098"]
[PlyCount "57"]
[EventDate "2002.09.22"]
[EventType "team"]
[EventRounds "11"]
[EventCountry "HUN"]
[SourceTitle "EXT 2009"]
[Source "ChessBase"]
[SourceDate "2008.11.26"]
[SourceVersion "1"]
[SourceVersionDate "2008.11.26"]
[SourceQuality "1"]

1. d4 d5 2. c4 Nf6 3. g3 e6 4. Bg2 dxc4 5. Nf3 c6 6. a4 Nbd7 7. 0-0 a5 8. Nc3 Be7 9. e4 Nb6 10. Ne5 0-0 11. Be3 Nfd7 12. f4 Nxe5 13. fxe5 Bg5 14. Bf2 Qc7 15. h4 Bh6 16. Qh5 f5 17. exf6 Rxf6 18. e5 Qf7 19. Qe2 Rxf2 20. Rxf2 Qe7 21. Ne4 Nd5 22. Rf3 b5 23. Nd6 Bd7 24. Rf7 Qd8 25. Qf3 Ne3 26. axb5 Nxg2 27. Kxg2 cxb5 28. Rf1 g6 29. Rxd7 1-0

[Event "IECG CA.2002.0.00079 email"]
[Site "IECG email"]
[Date "2002.12.27"]
[Round "?"]
[White "Fages, Jorge Juan"]
[Black "Muhari, Gabor"]
[Result "1/2-1/2"]
[WhiteElo "2031"]
[BlackElo "2029"]
[PlyCount "72"]
[EventDate "2002.12.27"]
[EventType "tourn (corr)"]
[EventRounds "6"]
[SourceTitle "Corr 2008"]
[Source "ChessBase"]
[SourceDate "2008.06.24"]
[SourceVersion "1"]
[SourceVersionDate "2008.06.24"]
[SourceQuality "1"]

1. e4 e6 2. d4 d5 3. Nd2 Be7 4. Bd3 c5 5. dxc5 Nd7 6. exd5 exd5 7. Nb3 Nxc5 8. Nf3 Nxd3+ 9. Qxd3 Nf6 10. 0-0 0-0 11. Bf4 Re8 12. Rfe1 Ne4 13. Rad1 Be6 14. Nfd4 Bd7 15. f3 Nc5 16. Nxc5 Bxc5 17. Rxe8+ Qxe8 18. Kh1 Bb6 19. c3 Qe7 20. Nc2 Be6 21. Be3 Bc7 22. Qd4 Qd7 23. Nb4 Bb6 24. Qd2 d4 25. Bxd4 Rd8 26. b3 a5 27. Nc2 a4 28. bxa4 Qxa4 29. Rb1 Bxd4 30. Nxd4 Bd5 31. Kg1 h6 32. Rb4 Qa7 33. a4 Bc6 34. Qc2 Ra8 35. Qb1 Qc5 36. Qd3 Rxa4 1/2-1/2

[Event "IECG CA.2002.0.00079 email"]
[Site "IECG email"]
[Date "2002.12.27"]
[Round "?"]
[White "Muhari, Gabor"]
[Black "Hansen, Marc"]
[Result "1/2-1/2"]
[WhiteElo "2029"]
[BlackElo "2000"]
[PlyCount "38"]
[EventDate "2002.12.27"]
[EventType "tourn (corr)"]
[EventRounds "6"]
[SourceTitle "Corr 2008"]
[Source "ChessBase"]
[SourceDate "2008.06.24"]
[SourceVersion "1"]
[SourceVersionDate "2008.06.24"]
[SourceQuality "1"]

1. d4 Nf6 2. Nf3 g6 3. g3 Bg7 4. Bg2 0-0 5. 0-0 d6 6. Nbd2 Nc6 7. e4 e5 8. c3 exd4 9. cxd4 Bg4 10. d5 Ne5 11. h3 Nxf3+ 12. Nxf3 Bd7 13. Re1 Re8 14. Qd3 c6 15. dxc6 Bxc6 16. Nd4 d5 17. e5 Ne4 18. f4 f6 19. Nxc6 bxc6 1/2-1/2

[Event "IECG CA.2002.0.00069 email"]
[Site "IECG email"]
[Date "2002.09.12"]
[Round "?"]
[White "Muhari, Gabor"]
[Black "Fages, Jorge Juan"]
[Result "1-0"]
[WhiteElo "2029"]
[BlackElo "2021"]
[PlyCount "109"]
[EventDate "2002.09.12"]
[EventType "tourn (corr)"]
[EventRounds "6"]
[SourceTitle "Corr 2008"]
[Source "ChessBase"]
[SourceDate "2008.06.24"]
[SourceVersion "1"]
[SourceVersionDate "2008.06.24"]
[SourceQuality "1"]

1. d4 Nf6 2. c4 e6 3. g3 c5 4. d5 exd5 5. cxd5 d6 6. Bg2 g6 7. Nc3 Bg7 8. Nf3 0-0 9. 0-0 a6 10. a4 Re8 11. Bf4 Ne4 12. Nxe4 Rxe4 13. Nd2 Rb4 14. Ra2 Qe7 15. b3 g5 16. Be3 b5 17. axb5 Rxb5 18. Nc4 Nd7 19. Qc2 h6 20. Na5 Ne5 21. Bd2 Rab8 22. f4 Ng4 23. Kh1 Bd7 24. e4 Bd4 25. Bc1 Qd8 26. Nc6 Bxc6 27. dxc6 Rxb3 28. e5 Rb1 29. Qf5 Rxc1 30. Rxc1 Ne3 31. Qh3 dxe5 32. Qxh6 Nxg2 33. Rxg2 Rc8 34. Re1 Bc3 35. Rf1 e4 36. fxg5 Bg7 37. Qh4 Qd5 38. Re1 Rxc6 39. Qxe4 Qxe4 40. Rxe4 c4 41. Rc2 c3 42. Kg2 Rb6 43. Kf3 Rb2 44. Rce2 Kh7 45. Rc4 a5 46. h4 Rb4 47. Rc7 Rb3 48. Ree7 c2+ 49. Ke2 Rc3 50. Rxc3 Bxc3 51. Rxf7+ Kg6 52. Rf1 Be5 53. Kd2 c1Q+ 54. Kxc1 Kh5 55. g4+ 1-0

[Event "IECG CA.2002.0.00069 email"]
[Site "IECG email"]
[Date "2002.09.12"]
[Round "?"]
[White "Ventimiglia, Charles"]
[Black "Muhari, Gabor"]
[Result "1/2-1/2"]
[WhiteElo "1986"]
[BlackElo "2029"]
[PlyCount "58"]
[EventDate "2002.09.12"]
[EventType "tourn (corr)"]
[EventRounds "6"]
[SourceTitle "Corr 2008"]
[Source "ChessBase"]
[SourceDate "2008.06.24"]
[SourceVersion "1"]
[SourceVersionDate "2008.06.24"]
[SourceQuality "1"]

1. e4 e6 2. d4 d5 3. Nc3 Bb4 4. e5 c5 5. a3 Bxc3+ 6. bxc3 Ne7 7. Nf3 Bd7 8. a4 Qa5 9. Bd2 Nbc6 10. Be2 c4 11. 0-0 f6 12. exf6 gxf6 13. Nh4 0-0-0 14. Bh5 Be8 15. Bg4 Bd7 16. Re1 e5 17. Bxd7+ Rxd7 18. Qf3 Qd8 19. Qxf6 Rf8 20. Qe6 Ng8 21. Qh3 Qf6 22. Be3 e4 23. Rab1 b6 24. Rb5 Qf7 25. f3 exf3 26. Nxf3 Qf5 27. Qxf5 Rxf5 28. Nd2 Rdf7 29. Nf1 Nge7 1/2-1/2

[Event "Bader Memorial op"]
[Site "Heves"]
[Date "2000.10.23"]
[Round "7.10"]
[White "Muhari, Gabor"]
[Black "Sapi, Janos"]
[Result "0-1"]
[WhiteElo "1937"]
[BlackElo "2175"]
[PlyCount "62"]
[EventDate "2000.??.??"]
[EventType "swiss"]
[EventRounds "9"]
[EventCountry "HUN"]
[SourceTitle "EXT 2004"]
[Source "ChessBase"]
[SourceDate "2003.11.25"]
[SourceVersion "1"]
[SourceVersionDate "2003.11.25"]
[SourceQuality "1"]

1. d4 Nf6 2. c4 g6 3. Nc3 Bg7 4. Nf3 d5 5. Bg5 Ne4 6. e3 Nxg5 7. Nxg5 c6 8. Rc1 0-0 9. cxd5 cxd5 10. g3 Nc6 11. Bg2 e5 12. Nxf7 Rxf7 13. Bxd5 exd4 14. Qf3 Qf6 15. Qxf6 Bxf6 16. Bxf7+ Kxf7 17. Nd5 dxe3 18. Nxf6 exf2+ 19. Kxf2 Kxf6 20. Ke3 Bf5 21. Rhf1 Re8+ 22. Kd2 Rd8+ 23. Ke3 Rd3+ 24. Ke2 Nd4+ 25. Kf2 Rf3+ 26. Kg2 Rxf1 27. Rxf1 h5 28. h3 Ke5 29. Rf4 Be4+ 30. Kf2 Nf5 31. Ke2 Nxg3+ 0-1

[Event "Bader Memorial op"]
[Site "Heves"]
[Date "2000.10.21"]
[Round "1.2"]
[White "Boricsev, Oleg"]
[Black "Muhari, Gabor"]
[Result "1-0"]
[WhiteElo "2348"]
[BlackElo "1937"]
[PlyCount "73"]
[EventDate "2000.??.??"]
[EventType "swiss"]
[EventRounds "9"]
[EventCountry "HUN"]
[SourceTitle "EXT 2004"]
[Source "ChessBase"]
[SourceDate "2003.11.25"]
[SourceVersion "1"]
[SourceVersionDate "2003.11.25"]
[SourceQuality "1"]

1. e4 e6 2. d4 d5 3. Nd2 Be7 4. e5 c5 5. c3 Nc6 6. Ndf3 cxd4 7. cxd4 Qb6 8. Bd3 Bd7 9. Ne2 Nb4 10. Bb1 f6 11. 0-0 Bb5 12. Re1 Nc6 13. Nf4 Nd8 14. a4 Bd7 15. Bd3 f5 16. a5 Qc7 17. Bd2 Nc6 18. Bxf5 exf5 19. Nxd5 Qd8 20. Bc3 Be6 21. Nf4 Bd5 22. Nd2 g6 23. Nf1 Bg5 24. Nxd5 Qxd5 25. g3 Nge7 26. f4 Bh6 27. Ne3 Qb5 28. d5 0-0-0 29. d6 Rhe8 30. Qf3 Nxe5 31. Bxe5 Nc6 32. Nd5 Qc5+ 33. Kg2 Nd4 34. Rac1 Nxf3 35. Rxc5+ Kb8 36. Kxf3 Bf8 37. d7+ 1-0

[Event "Gyongyos Matra Cup"]
[Site "Gyongyos"]
[Date "1998.??.??"]
[Round "2"]
[White "Muhari, Gabor"]
[Black "Szabo, Ervin"]
[Result "1/2-1/2"]
[WhiteElo "2025"]
[BlackElo "2180"]
[PlyCount "46"]
[EventDate "1998.??.??"]
[EventType "swiss"]
[EventRounds "9"]
[EventCountry "HUN"]
[SourceTitle "EXT 2000"]
[Source "ChessBase"]
[SourceDate "1999.11.16"]
[SourceVersion "1"]
[SourceVersionDate "1999.11.16"]
[SourceQuality "1"]

1. d4 e6 2. c4 d5 3. Nc3 c6 4. Nf3 f5 5. cxd5 exd5 6. Bf4 Nf6 7. e3 Bd6 8. Bxd6 Qxd6 9. g3 0-0 10. Bg2 Nbd7 11. 0-0 Ne4 12. Ne2 g5 13. h3 b6 14. Ne1 Ba6 15. Nd3 Rae8 16. Kh2 Qh6 17. f3 Nef6 18. Qd2 g4 19. Nef4 Rf7 20. Rae1 Rg7 21. fxg4 fxg4 22. h4 Rge7 23. Rf2 Ne4 1/2-1/2